书目信息 |
| 题名: |
城市清洁能源行动规划指南
|
|
| 作者: | ;清洁能源行动办公室 组织编著 | |
| 分册: | ||
| 出版信息: | 北京 中国环境科学出版社 2005.9 |
|
| 页数: | x,395页 | |
| 开本: | 26cm | |
| 丛书名: | ||
| 单 册: | ||
| 中图分类: | X382-62 | |
| 科图分类: | ||
| 主题词: | 无污染能源--wu wu ran neng yuan--规划--指南 , 规划--gui hua | |
| 电子资源: | ||
| ISBN: | 7-80209-212-4 | |
| 000 | 00901cam0 2200241 450 | |
| 001 | 012006027466 | |
| 005 | 20060329101010.1 | |
| 010 | @a7-80209-212-4@dCNY60.00 | |
| 100 | @a20050716d2005 em y0chiy0121 ea | |
| 101 | 0 | @achi |
| 102 | @aCN@b110000 | |
| 105 | @ay z 000yy | |
| 200 | 1 | @a城市清洁能源行动规划指南@Acheng shi qing jie neng yuan xing dong gui hua zhi nan@f清洁能源行动办公室组织编著 |
| 210 | @a北京@c中国环境科学出版社@d2005.9 | |
| 215 | @ax,395页@d26cm | |
| 330 | @a本书分上下两篇共25章,上篇主要是规划理论和方法,包括现状调查、目标选择等,下篇是17年示范城市的规划案例及实施效果评价。 | |
| 606 | 0 | @a无污染能源@Awu wu ran neng yuan@x规划@j指南 |
| 606 | 0 | @a规划@Agui hua |
| 690 | @aX382-62@v4 | |
| 711 | 02 | @a清洁能源行动办公室@Aqing jie neng yuan xing dong ban gong shi@4组织编著 |
| 801 | 0 | @aCN@bSRXX@c20051015 |
| 801 | 2 | @aCN@bSRXX@c20060329 |
| 905 | @a10447@dX382-62@eQ645 | |
| 城市清洁能源行动规划指南/清洁能源行动办公室组织编著.-北京:中国环境科学出版社,2005.9 |
| x,395页;26cm |
| ISBN 7-80209-212-4:CNY60.00 |
| 本书分上下两篇共25章,上篇主要是规划理论和方法,包括现状调查、目标选择等,下篇是17年示范城市的规划案例及实施效果评价。 |
| ● |
| 相关链接 |
|
|
|
正题名:城市清洁能源行动规划指南
索取号:X382-62/Q645
 
预约/预借
| 序号 | 登录号 | 条形码 | 馆藏地/架位号 | 状态 | 备注 |
| 1 | 549431 | 205494311 | 自科库501/501自科库 67排3列1层/ [索取号:X382-62/Q645] | 在馆 | |
| 2 | 549432 | 205494320 | 自科库501/501自科库 67排3列1层/ [索取号:X382-62/Q645] | 在馆 |